|
|
|
|
| LEADER |
01251cam a2200241 u 4500 |
| 001 |
10077225 |
| 003 |
upatras |
| 005 |
20210117201956.0 |
| 008 |
090728s1998 f gre |
| 040 |
|
|
|a GR-PaULI
|c GR-PaULI
|
| 041 |
0 |
|
|a gre
|
| 082 |
1 |
4 |
|a 489.37
|2 22
|
| 245 |
1 |
0 |
|a Νεοελληνική διαλεκτολογία
|
| 260 |
|
|
|a Αθήνα
|b Εταιρεία Νεοελληνικής Διαλεκτολογίας
|c 1998
|
| 300 |
|
|
|a 379 σ.
|c 24 εκ.
|
| 504 |
|
|
|a Περιέχει βιβλιογραφικές παραπομπές
|
| 505 |
0 |
|
|a τ.2. Πρακτικά δευτέρου πανελληνίου συνεδρίου Νεοελληνικής Διαλεκτολογίας, Ρόδος 24-26 Οκτωβρίου 1995
|
| 650 |
|
4 |
|a Ελληνική γλώσσα, Νέα
|x Διάλεκτοι
|x Συνέδρια
|9 77669
|
| 852 |
|
|
|a GR-PaULI
|b ΠΑΤΡΑ
|b ΦΙΛΟΛΟΓΙΑ
|k ΔΑΝΕΙΖ-6
|h 489.37 ΠΑΝ
|m 004452
|p 025000143604
|t 1
|
| 942 |
|
|
|2 ddc
|
| 952 |
|
|
|0 0
|1 0
|2 ddc
|4 0
|6 489_370000000000000_ΠΑΝ
|7 0
|9 79866
|a LISP
|b LISP
|c BSC
|d 2016-04-24
|i 004452
|l 1
|o 489.37 ΠΑΝ
|p 025000143604
|r 2024-07-30 00:00:00
|s 2024-07-05
|t 1
|w 2016-04-24
|y BK15
|x Μεταφορά Τμήματος Φιλολογίας
|
| 998 |
|
|
|c ELIDOC
|d 2009-07
|
| 999 |
|
|
|c 53070
|d 53070
|